Ecological impact assessment / (Record no. 6530)
[ view plain ]
| 000 -LEADER | |
|---|---|
| fixed length control field | 01715pam a2200217 4500 |
| 001 - CONTROL NUMBER | |
| control field | 7623 |
| 005 - DATE AND TIME OF LATEST TRANSACTION | |
| control field | 20181127184014.0 |
| 008 - FIXED-LENGTH DATA ELEMENTS--GENERAL INFORMATION | |
| fixed length control field | 980713s1999 enkab b 001 0 eng |
| 010 ## - LIBRARY OF CONGRESS CONTROL NUMBER | |
| LC control number | 98030307 |
| 020 ## - INTERNATIONAL STANDARD BOOK NUMBER | |
| International Standard Book Number | 0632037385 |
| 082 00 - DEWEY DECIMAL CLASSIFICATION NUMBER | |
| Classification number | 333.95/14 |
| Edition number | 21 |
| 100 1# - MAIN ENTRY--PERSONAL NAME | |
| Personal name | Treweek, Jo. |
| 245 10 - TITLE STATEMENT | |
| Title | Ecological impact assessment / |
| Statement of responsibility, etc. | Jo Treweek. |
| 260 ## - PUBLICATION, DISTRIBUTION, ETC. | |
| Place of publication, distribution, etc. | London ; |
| -- | Malden, MA, USA : |
| Name of publisher, distributor, etc. | Blackwell Science, |
| Date of publication, distribution, etc. | 1999. |
| 300 ## - PHYSICAL DESCRIPTION | |
| Extent | xiii, 351 p. : |
| Other physical details | ill., maps (some col.) ; |
| Dimensions | 25 cm. |
| 504 ## - BIBLIOGRAPHY, ETC. NOTE | |
| Bibliography, etc. note | Includes bibliographical references (p. 311-333) and index. |
| 505 ## - FORMATTED CONTENTS NOTE | |
| Formatted contents note | Ecological impact assessment; Contents; Preface; Acknowledgements; 1: Introduction; 2: Legislative contexts for ecological impact assessment; 3: Scoping; 4: Focusing procedures; 5: Identifying and predicting impacts; 6: Evaluation; 7: Ecological mitigation; 8: Monitoring; 9: Geographical information systems for ecological impact assessment; 10: Ecological impact assessment design and analysis; Glossary; References; Index. |
| Miscellaneous information | |
| Statement of responsibility | |
| Title | |
| 520 ## - SUMMARY, ETC. | |
| Summary, etc. | The world's ecosystems are increasingly threatened by human development. Ecological impact assessment (EcIA) is used to predict and evaluate the impacts of development on ecosystems and their components, thereby providing the information needed to ensure that ecological issues are given full and proper consideration in development planning. Environmental impact assessment (EIA) has emerged as a key to sustainable development by integrating social, economic and environmental issues in many countries. EcIA has a major part to play as a component of EIA but also has other potential applications in. |
| 650 #0 - SUBJECT ADDED ENTRY--TOPICAL TERM | |
| Topical term or geographic name entry element | Ecological assessment (Biology) |
| Withdrawn status | Lost status | Source of classification or shelving scheme | Damaged status | Not for loan | Collection code | Home library | Current library | Shelving location | Serial Enumeration / chronology | Inventory number | Total Checkouts | Full call number | Barcode | Date last seen | Price effective from | Koha item type |
|---|---|---|---|---|---|---|---|---|---|---|---|---|---|---|---|---|
| Dewey Decimal Classification | Main TEST | RTC Library | RTC Library | Main opac | 11579 | 333.9 TRE | 30012054 | 27/11/2018 | 27/11/2018 | Main |